The clue of the black keys (Record no. 8871)

MARC details
000 -LEADER
fixed length control field 00755nam a22002177a 4500
003 - CONTROL NUMBER IDENTIFIER
control field OSt
005 - DATE AND TIME OF LATEST TRANSACTION
control field 20260310065059.0
008 - FIXED-LENGTH DATA ELEMENTS--GENERAL INFORMATION
fixed length control field 260310b |||||||| |||| 00| 0 eng d
020 ## - INTERNATIONAL STANDARD BOOK NUMBER
International Standard Book Number 978-0-448-09528-8
040 ## - CATALOGING SOURCE
Original cataloging agency DWC GS lib
Transcribing agency OC
082 ## - DEWEY DECIMAL CLASSIFICATION NUMBER
Edition number K26c 1996
100 ## - MAIN ENTRY--PERSONAL NAME
Personal name CAROLYN KEENE
245 ## - TITLE STATEMENT
Title The clue of the black keys
Statement of responsibility, etc. CAROLYN KEENE
260 ## - PUBLICATION, DISTRIBUTION, ETC.
Place of publication, distribution, etc. New York
Name of publisher, distributor, etc. Grosset & Dunlap
Date of publication, distribution, etc. 1996
300 ## - PHYSICAL DESCRIPTION
Extent vii, 174 pages;
Other physical details illustrations
Dimensions 19cm.
520 ## - SUMMARY, ETC.
Summary, etc. Nancy Drew mystery book where Nancy assists archaeologist Terry Scott in locating a missing professor (Dr. Pitt) and a buried treasure in Mexico.
546 ## - LANGUAGE NOTE
Language note English
650 ## - SUBJECT ADDED ENTRY--TOPICAL TERM
Source of heading or term The Power of Hidden Truths
650 ## - SUBJECT ADDED ENTRY--TOPICAL TERM
Source of heading or term Perseverance Against Obstacles
942 ## - ADDED ENTRY ELEMENTS (KOHA)
Source of classification or shelving scheme Dewey Decimal Classification
Koha item type Fiction
Classification part Fic.
Suppress in OPAC No

No items available.